Music Quiz

Random Music or Artist Quiz

House, Park, Road or Street Songs Quiz Stats

 Plays Quiz Updated May 15, 2018

Challenge
Share
Tweet
Embed
Score 0/24 Timer 04:00
0 Plays Today
Question Answer Wrong Answers
Hit The _____ Jack
Ray Charles (1961)
Road
96.9%
House
0.4%
Park
0.3%
Street
0.4%
On The _____ Again
Willie Nelson (1980)
Road
96.7%
House
0.3%
Park
0.2%
Street
0.7%
The Long And Winding _____
The Beatles (1970)
Road
96.3%
House
0.3%
Park
0.3%
Street
1%
Goodbye Yellow Brick _____
Elton John (1973)
Road
96%
House
1.5%
Park
0.2%
Street
0.3%
The _____ Of The Rising Sun
The Animals (1964)
House
95.8%
Park
0.7%
Road
0.9%
Street
0.5%
Burning Down The _____
Talking Heads (1983)
House
95.6%
Park
0.6%
Road
0.7%
Street
1%
Everyday Is A Winding _____
Sheryl Crow (1996)
Road
95.2%
House
0.4%
Park
0.5%
Street
1.8%
Our _____
Madness (1982)
House
94.8%
Park
0.5%
Road
0.5%
Street
1.8%
_____ Fighting Man
The Rolling Stones (1968)
Street
92%
House
1.8%
Park
1.6%
Road
2.3%
Dancing In The _____
Martha and the Vandellas (1964)
Street
90.9%
House
0.4%
Park
5.8%
Road
0.8%
Saturday In The _____
Chicago (1972)
Park
90.8%
House
2.1%
Road
0.3%
Street
4.6%
Love On A Two-Way _____
The Moments (1970)
Street
90.4%
House
0.3%
Park
0.3%
Road
6.9%
In My _____
Mary Jane Girls (1985)
House
90%
Park
1%
Road
0.5%
Street
6.1%
Baker _____
Gerry Rafferty (1978)
Street
89.8%
House
2.4%
Park
2.9%
Road
2.7%
The 59th _____ Bridge Song (Feelin' Groovy)
Simon & Garfunkel (1966)
Street
89.6%
House
1.2%
Park
4.4%
Road
2.7%
King Of The _____
Roger Miller (1965)
Road
86%
House
6.2%
Park
1.9%
Street
3.8%
In The _____ Of Stone And Light
Martin Page (1994)
House
83.6%
Park
5.4%
Road
2.2%
Street
6.5%
Brick _____
Commodores (1977)
House
83.5%
Park
0.3%
Road
12.7%
Street
1.5%
MacArthur _____
Richard Harris (1968) or Donna Summer (1978)
Park
81.7%
House
3.3%
Road
5.1%
Street
7.7%
Palisades _____
Freddy Cannon (1962)
Park
81%
House
3.8%
Road
6.8%
Street
5.8%
Tobacco _____
The Nashville Teens (1964)
Road
77.2%
House
6.8%
Park
5.3%
Street
8.4%
The Old Man Down The _____
John Fogerty (1984)
Road
70%
House
0.4%
Park
1.4%
Street
26%
The Rain, The _____ & Other Things
The Cowsills (1967)
Park
46.5%
House
8.6%
Road
32.4%
Street
10.1%
Cherry Hill _____
Billy Joe Royal (1969)
Park
46.4%
House
4.2%
Road
34.3%
Street
12.8%

You're not logged in!

Compare scores with friends on all Sporcle quizzes.
OR
Log In

You Might Also Like...

Show Comments

Extras

Top Quizzes Today


Score Distribution

Your Account Isn't Verified!

In order to create a playlist on Sporcle, you need to verify the email address you used during registration. Go to your Sporcle Settings to finish the process.

Report this User

Report this user for behavior that violates our Community Guidelines.

Details: